000 00617nam a2200253Ia 4500
003 OSt
005 20221006144625.0
006 a|||||r|||| 00| 0
007 ta
008 221006b |||||||| |||| 00| 0 eng d
020 _c
_12.50
024 _a12,166
037 _cTextual
040 _aEASL
_cEASL
_beng
041 _2eng
_aeng
082 _aV41.N0, D7
100 _aMARTIN W A P
245 0 _aAwakening of China
260 _aLondon
_bHodder & Stoughton
_c1907
300 _a328p.
_ccm.
650 _aCEL
942 _hV41.N0, D7
_cTEXL
_2CC
999 _c1080252
_d1080252